More communication keys for your marriage. (Record no. 14683)

000 -LEADER
fixed length control field 00625nam a2200193 a 4500
001 - CONTROL NUMBER
control field :::00012516$&:&@@
003 - CONTROL NUMBER IDENTIFIER
control field OkBaRHE
005 - DATE AND TIME OF LATEST TRANSACTION
control field 20000607103420.0
008 - FIXED-LENGTH DATA ELEMENTS--GENERAL INFORMATION
fixed length control field s1983 j 000 0 eng u
040 ## - CATALOGING SOURCE
Transcribing agency
100 1# - MAIN ENTRY--PERSONAL NAME
Personal name Wright, H. Norman.
245 10 - TITLE STATEMENT
Title More communication keys for your marriage.
260 ## - PUBLICATION, DISTRIBUTION, ETC. (IMPRINT)
Place of publication, distribution, etc Ventura, CA., :
Name of publisher, distributor, etc Regal Books
Date of publication, distribution, etc c1983
300 ## - PHYSICAL DESCRIPTION
Extent 196 p. : illus. ;
Dimensions 21 cm.
650 ## - SUBJECT ADDED ENTRY--TOPICAL TERM
Topical term or geographic name as entry element Communication In Marriage
650 ## - SUBJECT ADDED ENTRY--TOPICAL TERM
Topical term or geographic name as entry element Marriage
General subdivision Religious Aspects
-- Christianity
942 ## - ADDED ENTRY ELEMENTS (KOHA)
Source of classification or shelving scheme
Koha item type Books
Copies
Not for loan Source of classification or shelving scheme Shelving location Copy number Full call number Current Location Date acquired Date last seen Lost status Barcode Damaged status Permanent Location Price effective from Koha item type Withdrawn status
  General Stacks1HQ 734 .W9494 2010-04-142010-04-14 12516 RHEMA Bible Training College2010-04-14Books 
  General Stacks2HQ 734 .W9494RHEMA Bible Training College2011-09-272011-10-29 22095 RHEMA Bible Training College2011-09-27Books